书目信息 |
| 题名: |
我爱松花江
|
|
| 作者: | 安危 著 | |
| 分册: | ||
| 出版信息: | 武汉 湖北人民出版社 1979 |
|
| 页数: | 504页 | |
| 开本: | 20cm | |
| 丛书名: | ||
| 单 册: | ||
| 中图分类: | I247.54 , I247.4 | |
| 科图分类: | ||
| 主题词: | 长篇小说--中国--现代 | |
| 电子资源: | ||
| ISBN: | ||
| 000 | 00586nam0 2200229 450 | |
| 001 | 1548206121 | |
| 005 | 20150124191524.26 | |
| 010 | @dCNY1.25 | |
| 091 | @a10106.785 | |
| 100 | @a19950720d1979 em y0chiy0110 ea | |
| 101 | 0 | @achi |
| 102 | @aCN@b420000 | |
| 105 | @af z 000ay | |
| 200 | 1 | @a我爱松花江@9wo ai song hua jiang@f安危著 |
| 210 | @a武汉@c湖北人民出版社@d1979 | |
| 215 | @a504页@c彩图@d20cm | |
| 606 | 0 | @a长篇小说@y中国@z现代 |
| 690 | @aI247.54@v5 | |
| 690 | @aI247.4@v4 | |
| 701 | 0 | @a安危@9an wei@4著 |
| 801 | 0 | @aCN@bTSSF@c20150124 |
| 905 | @aZUCC@dI247.4@eJY31 | |
| 我爱松花江/安危著.-武汉:湖北人民出版社,1979 |
| 504页:彩图;20cm |
| ISBN :CNY1.25 |
| ● |
| 相关链接 |
|
|
|
|
正题名:我爱松花江
索取号:I247.4/JY31
 
预约/预借
| 序号 | 登录号 | 条形码 | 馆藏地/架位号 | 状态 | 备注 |
| 1 | 7839859 | 278398592 | 学院路分馆/ [索取号:I247.4/JY31] | 在馆 | |
| 2 | 7842820 | 278428202 | 学院路分馆/ [索取号:I247.4/JY31] | 在馆 |